[Event "Mittelfranken Mitte-ch 0506"]
[Site "Zirndorf"]
[Date "2006.01.08"]
[Round "5"]
[White "Schiller, Dirk1111"]
[Black "Morcinek, Artur"]
[Result "0-1"]
[WhiteElo "1266"]
[BlackElo "1705"]
[PlyCount "60"]
[EventDate "2006.01.06"]
[EventType "swiss"]
[EventRounds "7"]
[EventCountry "GER"]
[SourceTitle "EXT 2015"]
[Source "ChessBase"]
[SourceDate "2014.11.20"]
[SourceVersion "1"]
[SourceVersionDate "2014.11.20"]
[SourceQuality "1"]

1. d4 Nf6 2. c4 e6 3. Nc3 Bb4 4. Qc2 0-0 5. Nf3 d6 6. e4 c5 7. Bd3 cxd4 8. Nxd4 d5 9. 0-0 dxe4 10. Nxe4 Nxe4 11. Bxe4 Qxd4 12. Be3 Qf6 13. Bxh7+ Kh8 14. Be4 Nc6 15. Bxc6 bxc6 16. Qa4 a5 17. Qxc6 Ra6 18. Qb5 Qxb2 19. Rfd1 Rd6 20. Bc5 Rxd1+ 21. Rxd1 Qc2 22. Rf1 Ba6 23. Qxa6 Bxc5 24. Qxa5 Qxc4 25. Qd2 Ra8 26. Qg5 Rxa2 27. h4 Qd4 28. Qg3 Rxf2 29. Qxf2 Qc4 30. Qxc5 Qxc5+ 0-1

[Event "Mittelfranken Mitte-ch 0506"]
[Site "Zirndorf"]
[Date "2006.01.07"]
[Round "3"]
[White "Werner, Thomas1111"]
[Black "Morcinek, Artur"]
[Result "1-0"]
[WhiteElo "1910"]
[BlackElo "1705"]
[PlyCount "49"]
[EventDate "2006.01.06"]
[EventType "swiss"]
[EventRounds "7"]
[EventCountry "GER"]
[SourceTitle "EXT 2015"]
[Source "ChessBase"]
[SourceDate "2014.11.20"]
[SourceVersion "1"]
[SourceVersionDate "2014.11.20"]
[SourceQuality "1"]

1. d4 Nf6 2. c4 e6 3. Nf3 Bb4+ 4. Bd2 Bxd2+ 5. Qxd2 b6 6. Nc3 Bb7 7. d5 Qe7 8. 0-0-0 exd5 9. cxd5 Qc5 10. e4 0-0 11. Qd4 Re8 12. e5 Qxd4 13. Rxd4 c5 14. Rd2 Ng4 15. Nb5 Nxe5 16. Nxe5 Rxe5 17. Nc7 d6 18. Nxa8 Bxa8 19. Bc4 Nd7 20. Bb5 Nb8 21. Rhd1 Kf8 22. f3 a6 23. Bc6 Bxc6 24. dxc6 Ke7 25. Rxd6 1-0

[Event "Mittelfranken Mitte-ch 0506"]
[Site "Zirndorf"]
[Date "2006.01.06"]
[Round "2"]
[White "Morcinek, Artur"]
[Black "Puehn, Georg"]
[Result "1/2-1/2"]
[WhiteElo "1705"]
[BlackElo "1890"]
[PlyCount "21"]
[EventDate "2006.01.06"]
[EventType "swiss"]
[EventRounds "7"]
[EventCountry "GER"]
[SourceTitle "EXT 2015"]
[Source "ChessBase"]
[SourceDate "2014.11.20"]
[SourceVersion "1"]
[SourceVersionDate "2014.11.20"]
[SourceQuality "1"]

1. e4 e5 2. Nf3 Nc6 3. Bb5 Nf6 4. 0-0 Nxe4 5. Re1 Nd6 6. Nxe5 Nxe5 7. Rxe5+ Be7 8. Nc3 Nxb5 9. Nd5 d6 10. Rxe7+ Kf8 11. Re4 1/2-1/2

[Event "Zirndorf-ch"]
[Site "Zirndorf"]
[Date "2005.11.18"]
[Round "4"]
[White "Morcinek, Artur"]
[Black "Siebenkaes, Helmut"]
[Result "1-0"]
[WhiteElo "1718"]
[BlackElo "1405"]
[PlyCount "45"]
[EventDate "2005.10.14"]
[EventType "swiss"]
[EventRounds "7"]
[EventCountry "GER"]
[SourceTitle "EXT 2007"]
[Source "ChessBase"]
[SourceDate "2006.11.23"]
[SourceVersion "1"]
[SourceVersionDate "2006.11.23"]
[SourceQuality "1"]

1. e4 e5 2. Nf3 Nc6 3. Bb5 d6 4. d4 Bd7 5. 0-0 Nf6 6. Re1 a6 7. Ba4 Be7 8. c3 Na7 9. dxe5 dxe5 10. Nxe5 Bd6 11. Nxd7 Nxd7 12. e5 Bc5 13. e6 fxe6 14. Rxe6+ Be7 15. Bg5 Nc6 16. Bxc6 bxc6 17. Rxe7+ Qxe7 18. Bxe7 Kxe7 19. Nd2 Nf6 20. Nc4 Rhe8 21. Qa4 Kf7 22. Qxc6 Re7 23. Qxa8 1-0

[Event "Zirndorf-ch"]
[Site "Zirndorf"]
[Date "2005.10.14"]
[Round "1"]
[White "Kleist, Werner"]
[Black "Morcinek, Artur"]
[Result "0-1"]
[WhiteElo "1352"]
[BlackElo "1718"]
[PlyCount "48"]
[EventDate "2005.10.14"]
[EventType "swiss"]
[EventRounds "7"]
[EventCountry "GER"]
[SourceTitle "EXT 2007"]
[Source "ChessBase"]
[SourceDate "2006.11.23"]
[SourceVersion "1"]
[SourceVersionDate "2006.11.23"]
[SourceQuality "1"]

1. e4 c5 2. Nf3 d6 3. d3 g6 4. Bd2 Bg7 5. c3 Nc6 6. a3 Qb6 7. Ra2 Be6 8. c4 Bxb2 9. Bc3 Bxc3+ 10. Nxc3 Nf6 11. h3 0-0 12. Be2 Rfd8 13. Nd5 Bxd5 14. cxd5 Qa5+ 15. Nd2 Nd4 16. 0-0 b5 17. Re1 Qc3 18. Nb1 Qa5 19. Nd2 Nd7 20. Nb3 Nxb3 21. Rf1 Nd4 22. Qa1 Nb6 23. Bd1 Na4 24. Bxa4 Qxa4 0-1

[Event "Mittelfranken Mitte-ch 0102"]
[Site "Zirndorf"]
[Date "2002.??.??"]
[Round "6"]
[White "Hintyes, Helmuth"]
[Black "Morcinek, Artur"]
[Result "1/2-1/2"]
[WhiteElo "1777"]
[BlackElo "1713"]
[PlyCount "111"]
[EventDate "2002.01.12"]
[EventType "swiss"]
[EventRounds "7"]
[EventCountry "GER"]
[SourceTitle "EXT 2015"]
[Source "ChessBase"]
[SourceDate "2014.11.20"]
[SourceVersion "1"]
[SourceVersionDate "2014.11.20"]
[SourceQuality "1"]

1. c4 e5 2. e3 b6 3. Nc3 Bb7 4. d4 Bb4 5. Bd2 exd4 6. exd4 Qe7+ 7. Qe2 Nc6 8. Nf3 0-0-0 9. d5 Na5 10. a3 Nb3 11. Rd1 Bc5 12. Qxe7 Nxe7 13. Bd3 f6 14. Ne4 Rde8 15. 0-0 Ba6 16. Bc3 Ng6 17. g3 Re7 18. Ned2 Nxd2 19. Rxd2 Rhe8 20. b4 Bd6 21. b5 Bb7 22. Bb4 Bxb4 23. axb4 a6 24. bxa6 Bxa6 25. b5 Bb7 26. Nd4 Ne5 27. Be2 c6 28. Nf5 cxd5 29. Nxe7+ Rxe7 30. cxd5 d6 31. f4 Nd7 32. Re1 Kd8 33. Kf2 Nc5 34. Bf3 Rc7 35. Re3 Bc8 36. Rde2 Bd7 37. Re7 Nd3+ 38. Kg2 Bh3+ 39. Kxh3 Rxe7 40. Ra2 Ke8 41. Ra8+ Kd7 42. Bg4+ Kc7 43. Rc8+ Kb7 44. Rc2 Nc5 45. Re2 Rxe2 46. Bxe2 Kc7 47. Kg4 Kd7 48. Bd1 Ke7 49. Bc2 g6 50. h4 Kf7 51. h5 f5+ 52. Kg5 Ne4+ 53. Kh4 Nc3 54. hxg6+ hxg6 55. Bd3 Kf6 56. Bc4 1/2-1/2

[Event "Mittelfranken Mitte-ch 0203"]
[Site "Zirndorf"]
[Date "2002.??.??"]
[Round "3"]
[White "Morcinek, Artur"]
[Black "Corral, Carlos"]
[Result "1-0"]
[WhiteElo "1688"]
[BlackElo "1829"]
[PlyCount "163"]
[EventDate "2003.09.20"]
[EventType "swiss"]
[EventRounds "7"]
[EventCountry "GER"]
[SourceTitle "EXT 2015"]
[Source "ChessBase"]
[SourceDate "2014.11.20"]
[SourceVersion "1"]
[SourceVersionDate "2014.11.20"]
[SourceQuality "1"]

1. e4 c5 2. Nf3 Nc6 3. d4 cxd4 4. Nxd4 g6 5. Nc3 Bg7 6. Be3 Nf6 7. Be2 0-0 8. 0-0 d5 9. Nxc6 bxc6 10. e5 Nd7 11. f4 e6 12. g4 c5 13. Nb5 d4 14. Bf2 Rb8 15. Rb1 Qa5 16. Na3 Rxb2 17. Nc4 Rxb1 18. Qxb1 Qc7 19. Be1 Qb7 20. Qxb7 Bxb7 21. Nd6 Bd5 22. c4 dxc3 23. Bxc3 Rb8 24. Bb5 Nb6 25. a4 Rd8 26. a5 Nc8 27. Ne8 Bf8 28. Nf6+ Kg7 29. Ne8+ Kh8 30. Rd1 Be7 31. g5 a6 32. Ba4 Bc4 33. Nd6 Bxd6 34. exd6+ Kg8 35. d7 Ne7 36. Bf6 Kf8 37. Rc1 Bb5 38. Bxb5 axb5 39. Rxc5 Rxd7 40. Rxb5 Nc8 41. Rb8 Rc7 42. a6 Ke8 43. a7 Rxa7 44. Rxc8+ Kd7 45. Rh8 Kd6 46. Rxh7 Kd5 47. Be5 Ke4 48. Kf2 Ra2+ 49. Ke1 Ra7 50. Kd2 Rd7+ 51. Kc3 Kd5 52. h4 Ke4 53. h5 gxh5 54. Rxh5 Kf5 55. Rh6 Ke4 56. Rh7 Kf5 57. Rg7 Ke4 58. g6 Rd3+ 59. Kc4 fxg6 60. Rxg6 Rd8 61. Rxe6 Rc8+ 62. Kb5 Kd5 63. Rd6+ Ke4 64. Rc6 Rf8 65. Kc5 Kf5 66. Kd6 Rf7 67. Rc7 Rf8 68. Ke7 Rg8 69. Kf7 Rg4 70. Kf8 Rg2 71. Rf7+ Ke6 72. Rf6+ Kd5 73. Bd6 Rf2 74. Kf7 Ke4 75. Ke6 Rf1 76. Rf7 Rf3 77. f5 Rf1 78. f6 Rh1 79. Rg7 Rh6 80. Ke7 Kf5 81. f7 Re6+ 82. Kd7 1-0

[Event "Mittelfranken Mitte-ch 0102"]
[Site "Zirndorf"]
[Date "2002.??.??"]
[Round "3"]
[White "Morcinek, Artur"]
[Black "Suess, Helmut"]
[Result "0-1"]
[WhiteElo "1713"]
[BlackElo "1933"]
[PlyCount "36"]
[EventDate "2002.01.12"]
[EventType "swiss"]
[EventRounds "7"]
[EventCountry "GER"]
[SourceTitle "EXT 2015"]
[Source "ChessBase"]
[SourceDate "2014.11.20"]
[SourceVersion "1"]
[SourceVersionDate "2014.11.20"]
[SourceQuality "1"]

1. e4 c5 2. Nf3 e6 3. d4 cxd4 4. Nxd4 a6 5. Nc3 Qc7 6. f4 Bb4 7. Nde2 Nf6 8. Qd3 0-0 9. h3 d5 10. Bd2 Nxe4 11. Nxe4 dxe4 12. Qxe4 Bxd2+ 13. Kxd2 Rd8+ 14. Ke1 Nc6 15. Rd1 Rxd1+ 16. Kxd1 b5 17. g3 Bb7 18. Bg2 Na5 0-1

[Event "Mittelfranken Mitte-ch 0001"]
[Site "Zirndorf"]
[Date "2001.??.??"]
[Round "4"]
[White "Hintyes, Helmuth"]
[Black "Morcinek, Artur"]
[Result "1-0"]
[WhiteElo "1788"]
[BlackElo "1531"]
[PlyCount "29"]
[EventDate "2001.01.13"]
[EventType "swiss"]
[EventRounds "7"]
[EventCountry "GER"]
[SourceTitle "EXT 2015"]
[Source "ChessBase"]
[SourceDate "2014.11.20"]
[SourceVersion "1"]
[SourceVersionDate "2014.11.20"]
[SourceQuality "1"]

1. c4 c5 2. e3 e6 3. Nc3 Nf6 4. d4 d5 5. Nf3 Nc6 6. b3 cxd4 7. exd4 h6 8. a3 dxc4 9. bxc4 b6 10. Bf4 Bb7 11. d5 Ne7 12. d6 Nf5 13. Nb5 Rc8 14. Nc7+ Kd7 15. Ne5# 1-0

[Event "Mittelfranken Mitte-ch 0102"]
[Site "Zirndorf"]
[Date "2000.??.??"]
[Round "1"]
[White "Morcinek, Artur"]
[Black "Woerl, Richard"]
[Result "1/2-1/2"]
[WhiteElo "1713"]
[BlackElo "1981"]
[PlyCount "39"]
[EventDate "2002.01.12"]
[EventType "swiss"]
[EventRounds "7"]
[EventCountry "GER"]
[SourceTitle "EXT 2015"]
[Source "ChessBase"]
[SourceDate "2014.11.20"]
[SourceVersion "1"]
[SourceVersionDate "2014.11.20"]
[SourceQuality "1"]

1. e4 c5 2. Nf3 e6 3. d4 d5 4. exd5 exd5 5. dxc5 Bxc5 6. Bb5+ Nc6 7. Ne5 Nge7 8. Bg5 Qa5+ 9. Nc3 0-0 10. Nxc6 bxc6 11. Bxe7 Bxe7 12. Bxc6 d4 13. Qxd4 Bf6 14. Qe3 Rb8 15. 0-0-0 Rxb2 16. Kxb2 Qb4+ 17. Kc1 Bxc3 18. Rd3 Bb2+ 19. Kb1 Bc3+ 20. Kc1 1/2-1/2